[Event "Latin Cup-A 3rd"]
[Site "Cali"]
[Date "2012.10.09"]
[Round "9"]
[White "Diaz, Cristian Camilo"]
[Black "Velasco, Luz Mariela"]
[Result "1/2-1/2"]
[WhiteElo "1950"]
[BlackElo "1813"]
[PlyCount "58"]
[EventDate "2012.10.04"]
[EventType "swiss"]
[EventRounds "9"]
[EventCountry "COL"]
[SourceTitle "CBM 150 Extra"]
[Source "ChessBase"]
[SourceDate "2012.10.19"]
[SourceVersion "1"]
[SourceVersionDate "2012.10.19"]
[SourceQuality "1"]

1. e4 c5 2. Nf3 e6 3. d4 cxd4 4. Nxd4 a6 5. Bd3 Nc6 6. c3 d5 7. exd5 Qxd5 8. 0-0 Nf6 9. Nxc6 Qxc6 10. Nd2 b5 11. f3 Bc5+ 12. Kh1 Bb7 13. Ne4 Rd8 14. Qc2 Nd5 15. Re1 Ba7 16. Bg5 Rc8 17. a4 Qd7 18. Qe2 h6 19. Bd2 bxa4 20. Bxa6 0-0 21. Bxb7 Qxb7 22. Nd6 Qc7 23. Nxc8 Rxc8 24. Rxa4 Bb8 25. Rh4 Qd8 26. Qe4 Nf6 27. Qd4 Qe7 28. b4 Ba7 29. Qd3 Bf2 1/2-1/2

[Event "Latin Cup-A 3rd"]
[Site "Cali"]
[Date "2012.10.05"]
[Round "3"]
[White "Diaz, Cristian Camilo"]
[Black "Hernandez Sanchez, Jairo Andres"]
[Result "0-1"]
[WhiteElo "1950"]
[BlackElo "2307"]
[PlyCount "112"]
[EventDate "2012.10.04"]
[EventType "swiss"]
[EventRounds "9"]
[EventCountry "COL"]
[SourceTitle "CBM 150 Extra"]
[Source "ChessBase"]
[SourceDate "2012.10.19"]
[SourceVersion "1"]
[SourceVersionDate "2012.10.19"]
[SourceQuality "1"]

1. e4 c5 2. Nf3 g6 3. d4 cxd4 4. Nxd4 Bg7 5. Nc3 Nc6 6. Be3 Nf6 7. Bc4 Qa5 8. 0-0 0-0 9. f3 d6 10. Nd5 Nxd5 11. exd5 Qc5 12. dxc6 Qxc4 13. cxb7 Bxb7 14. Re1 a5 15. Qe2 Qxe2 16. Rxe2 Ba6 17. Rd2 Rfc8 18. a4 Rab8 19. c3 Bc4 20. Rb1 Ba6 21. Ra1 Kf8 22. h4 Ke8 23. Kf2 Kd7 24. h5 Rb7 25. hxg6 hxg6 26. Rh1 Bc4 27. f4 Rcb8 28. Rb1 Bf6 29. g3 Ba2 30. Ra1 Bd5 31. Rb1 Be4 32. Rbd1 Rxb2 33. Nb5 Rxd2+ 34. Rxd2 Rh8 35. Bb6 Rh1 36. Ke3 Re1+ 37. Re2 Rxe2+ 38. Kxe2 Bc2 39. Bxa5 Bxa4 40. Nd4 e5 41. fxe5 dxe5 42. Nf3 Kc6 43. Kd3 Kd5 44. c4+ Ke6 45. g4 Bc6 46. Ke3 Be7 47. Bc3 Bc5+ 48. Ke2 f6 49. Nh4 Be4 50. Bd2 f5 51. gxf5+ gxf5 52. Nf3 f4 53. Nh4 Bb7 54. Bc3 e4 55. Bd2 f3+ 56. Kf1 Ba6 0-1

[Event "Latin Cup-A 3rd"]
[Site "Cali"]
[Date "2012.10.05"]
[Round "2"]
[White "Vente, Andres"]
[Black "Diaz, Cristian Camilo"]
[Result "0-1"]
[WhiteElo "1616"]
[BlackElo "1950"]
[PlyCount "58"]
[EventDate "2012.10.04"]
[EventType "swiss"]
[EventRounds "9"]
[EventCountry "COL"]
[SourceTitle "CBM 150 Extra"]
[Source "ChessBase"]
[SourceDate "2012.10.19"]
[SourceVersion "1"]
[SourceVersionDate "2012.10.19"]
[SourceQuality "1"]

1. e4 c5 2. Nc3 Nc6 3. f4 e6 4. Nf3 Nge7 5. Bc4 g6 6. d3 Bg7 7. 0-0 d5 8. Bb5 0-0 9. Bxc6 Nxc6 10. Qe1 Nb4 11. Qf2 a6 12. a4 b6 13. Kh1 Bb7 14. f5 dxe4 15. dxe4 Bd4 16. Qg3 Nxc2 17. Bh6 Nxa1 18. Bxf8 Qxf8 19. fxg6 fxg6 20. Qc7 Bxc3 21. Rxa1 Bxb2 22. Rb1 Bxe4 23. Ng5 Qg7 24. Qxg7+ Bxg7 25. Nxe4 b5 26. axb5 axb5 27. Nxc5 Kf7 28. g3 Ra1 29. Rxa1 Bxa1 0-1

[Event "COL-ch School U17"]
[Site "Cali"]
[Date "2012.02.23"]
[Round "1.1"]
[White "Norena, Wilder"]
[Black "Diaz, Cristian Camilo"]
[Result "0-1"]
[WhiteElo "1517"]
[BlackElo "1959"]
[PlyCount "56"]
[EventDate "2012.02.23"]
[EventType "swiss"]
[EventRounds "7"]
[EventCountry "COL"]
[SourceTitle "EXT 2024"]
[Source "ChessBase"]
[SourceDate "2023.10.10"]
[SourceVersion "1"]
[SourceVersionDate "2023.10.10"]
[SourceQuality "1"]

1. e4 c5 2. Nf3 d6 3. d4 cxd4 4. Nxd4 Nf6 5. Nc3 a6 6. Be2 e6 7. 0-0 Be7 8. Kh1 0-0 9. a4 Nc6 10. f4 Qc7 11. f5 Qb6 12. Nb3 Bd7 13. Bd3 Rac8 14. Qe1 Ne5 15. Be3 Qc7 16. h3 Nc4 17. Ra2 Nxe3 18. Qxe3 Rfe8 19. g4 h6 20. Rg1 Nh7 21. Qg3 Bf6 22. Ne2 Be5 23. Qg2 Qd8 24. Nd2 exf5 25. gxf5 Ng5 26. Nc4 Bc6 27. Nxe5 Rxe5 28. Nc3 Rxf5 0-1

[Event "Cali Region-ch U18"]
[Site "Cali"]
[Date "2011.12.05"]
[Round "5.6"]
[White "Montillo, Sebastian"]
[Black "Diaz, Cristian Camilo"]
[Result "0-1"]
[WhiteElo "1536"]
[BlackElo "1995"]
[PlyCount "32"]
[EventDate "2011.12.04"]
[EventType "swiss"]
[EventRounds "7"]
[EventCountry "COL"]
[SourceTitle "EXT 2024"]
[Source "ChessBase"]
[SourceDate "2023.10.10"]
[SourceVersion "1"]
[SourceVersionDate "2023.10.10"]
[SourceQuality "1"]

1. e4 c5 2. Nf3 d6 3. d4 cxd4 4. Nxd4 Nf6 5. Nc3 a6 6. Bg5 e6 7. f4 Nbd7 8. Qf3 Qc7 9. 0-0-0 b5 10. a3 Bb7 11. g4 Rc8 12. Bxf6 gxf6 13. Bg2 Nc5 14. f5 e5 15. Nde2 Nxe4 16. Qh3 Nf2 0-1

[Event "Cali Region-ch U18"]
[Site "Cali"]
[Date "2011.12.04"]
[Round "1.4"]
[White "Yate Baron, Andres Steven"]
[Black "Diaz, Cristian Camilo"]
[Result "0-1"]
[WhiteElo "1600"]
[BlackElo "1995"]
[PlyCount "38"]
[EventDate "2011.12.04"]
[EventType "swiss"]
[EventRounds "7"]
[EventCountry "COL"]
[SourceTitle "EXT 2024"]
[Source "ChessBase"]
[SourceDate "2023.10.10"]
[SourceVersion "1"]
[SourceVersionDate "2023.10.10"]
[SourceQuality "1"]

1. e4 c5 2. Nf3 d6 3. d4 cxd4 4. Nxd4 Nf6 5. Nc3 a6 6. Nb3 e6 7. Bf4 Be7 8. e5 dxe5 9. Bxe5 0-0 10. Bd3 Nbd7 11. Bd4 b5 12. Qf3 Qc7 13. 0-0-0 Bb7 14. Qh3 b4 15. Na4 Rac8 16. Nac5 Bxc5 17. Nxc5 Nxc5 18. Bxf6 Nxd3+ 19. Qxd3 gxf6 0-1

[Event "COL-ch U14"]
[Site "Bogota"]
[Date "2011.06.03"]
[Round "7.2"]
[White "Diaz, Cristian Camilo"]
[Black "Posada, Juan Manuel"]
[Result "0-1"]
[WhiteElo "2010"]
[BlackElo "1990"]
[PlyCount "88"]
[EventDate "2011.05.31"]
[EventType "tourn"]
[EventRounds "9"]
[EventCountry "COL"]
[SourceTitle "EXT 2024"]
[Source "ChessBase"]
[SourceDate "2023.10.10"]
[SourceVersion "1"]
[SourceVersionDate "2023.10.10"]
[SourceQuality "1"]

1. e4 e5 2. Nf3 Nc6 3. Bb5 a6 4. Ba4 d6 5. 0-0 Bd7 6. c3 Nge7 7. d4 Ng6 8. Nbd2 Be7 9. Re1 0-0 10. Nf1 Nh4 11. d5 Nb8 12. Bxd7 Nxd7 13. Ng3 Nxf3+ 14. Qxf3 Bg5 15. Nf5 g6 16. Nh6+ Kg7 17. Qh3 Bxc1 18. Raxc1 Nf6 19. g4 Nxe4 20. Rxe4 Qg5 21. Qe3 Qxe3 22. fxe3 Kxh6 23. Rc4 Rac8 24. Rf1 f5 25. Kg2 c5 26. dxc6 Rxc6 27. Rb4 b6 28. h4 Kg7 29. g5 Rfc8 30. Rd1 Kf7 31. Ra4 b5 32. Ra5 Rb6 33. Rd3 Rc4 34. Kh3 Rbc6 35. Ra3 Ke6 36. b4 e4 37. Rd2 Rxc3 38. Rxc3 Rxc3 39. Re2 f4 40. Kh2 f3 41. Re1 Rc2+ 42. Kg3 Ke5 43. a3 Rg2+ 44. Kh3 Re2 0-1

[Event "COL-ch U16"]
[Site "Cali"]
[Date "2011.05.28"]
[Round "6.4"]
[White "Hernandez Sanchez, Jairo Andres"]
[Black "Diaz, Cristian Camilo"]
[Result "1-0"]
[WhiteElo "2144"]
[BlackElo "2010"]
[PlyCount "63"]
[EventDate "2011.05.25"]
[EventType "tourn"]
[EventRounds "9"]
[EventCountry "COL"]
[SourceTitle "EXT 2024"]
[Source "ChessBase"]
[SourceDate "2023.10.10"]
[SourceVersion "1"]
[SourceVersionDate "2023.10.10"]
[SourceQuality "1"]

1. e4 c5 2. Nf3 d6 3. c3 Nf6 4. h3 Nc6 5. Bd3 g6 6. 0-0 Bg7 7. Bc2 0-0 8. d4 cxd4 9. cxd4 Nb4 10. Bb3 d5 11. e5 Ne8 12. Nc3 Nc7 13. a3 Nc6 14. Bf4 b6 15. Ba2 Ba6 16. Re1 Rc8 17. b4 Qd7 18. Qd2 Rfd8 19. Rad1 Nb8 20. Ng5 Bb7 21. Ne2 Nb5 22. Ng3 Rc6 23. a4 Nc3 24. b5 Rcc8 25. Nxf7 Rf8 26. e6 Qe8 27. Bb3 a6 28. Bh6 Nxd1 29. Bxg7 Rxf7 30. exf7+ Qxf7 31. Be5 Nc3 32. Rc1 1-0

[Event "Cali IRT Deptal Valle-ch"]
[Site "Cali"]
[Date "2011.04.20"]
[Round "5.10"]
[White "Valencia, Dario"]
[Black "Diaz, Cristian Camilo"]
[Result "0-1"]
[WhiteElo "1712"]
[BlackElo "1995"]
[PlyCount "76"]
[EventDate "2011.03.18"]
[EventType "swiss"]
[EventRounds "8"]
[EventCountry "COL"]
[SourceTitle "EXT 2024"]
[Source "ChessBase"]
[SourceDate "2023.10.10"]
[SourceVersion "1"]
[SourceVersionDate "2023.10.10"]
[SourceQuality "1"]

1. d4 Nf6 2. c4 e6 3. Nf3 b6 4. g3 Bb7 5. Bg2 Be7 6. Nc3 0-0 7. 0-0 Ne4 8. d5 Nxc3 9. bxc3 Bf6 10. Qd3 c6 11. e4 cxd5 12. cxd5 Ba6 13. Qc2 Bxf1 14. Bxf1 Qc7 15. Bb2 d6 16. Rc1 Nd7 17. dxe6 fxe6 18. Bh3 Nc5 19. Nd4 Qf7 20. Ba3 Rae8 21. f4 Qh5 22. Kg2 Kf7 23. g4 Qg6 24. g5 h6 25. f5 Qxg5+ 26. Kh1 Qe3 27. fxe6+ Kg8 28. e7 Rxe7 29. Bg2 Bxd4 30. cxd4 Qxa3 31. dxc5 dxc5 32. Rd1 Qe3 33. h3 Rf2 34. Qc4+ Ref7 35. Rd8+ Kh7 36. Qd3 Qe1+ 37. Kh2 Rxg2+ 38. Kxg2 Rf2+ 0-1

[Event "South Region-ch U16"]
[Site "Cali"]
[Date "2011.04.05"]
[Round "6.1"]
[White "Florez, Luis Angel"]
[Black "Diaz, Cristian Camilo"]
[Result "1-0"]
[WhiteElo "1911"]
[BlackElo "1995"]
[PlyCount "89"]
[EventDate "2011.04.05"]
[EventType "swiss"]
[EventRounds "7"]
[EventCountry "COL"]
[SourceTitle "EXT 2024"]
[Source "ChessBase"]
[SourceDate "2023.10.10"]
[SourceVersion "1"]
[SourceVersionDate "2023.10.10"]
[SourceQuality "1"]

1. d4 Nf6 2. Nf3 e6 3. e3 b6 4. Bd3 Bb7 5. Nbd2 c5 6. b3 Be7 7. Bb2 Nc6 8. 0-0 0-0 9. c4 Qc7 10. Rc1 d5 11. Ne5 Rad8 12. Ndf3 Ne4 13. Qc2 Nb4 14. Qb1 Nxd3 15. Nxd3 Bd6 16. cxd5 exd5 17. dxc5 bxc5 18. Nxc5 Bxc5 19. b4 Ba6 20. Rfe1 Bc4 21. bxc5 Rfe8 22. Bd4 Rb8 23. Qc2 Nxc5 24. Bxc5 Qxc5 25. Qa4 Qb6 26. h3 h6 27. Nd4 Rec8 28. Rc2 Rc5 29. Rec1 Ra5 30. Qd7 Rxa2 31. Rxa2 Bxa2 32. Rc7 Qf6 33. Rxa7 Rb1+ 34. Kh2 Rb2 35. Qe8+ Kh7 36. Rxf7 Qd6+ 37. g3 Qg6 38. Qe7 Kg8 39. Rf8+ Kh7 40. Qd8 Qe4 41. Rh8+ Kg6 42. Qd6+ Kh5 43. g4+ Kg5 44. Ne6+ Kh4 45. Qg3# 1-0

[Event "South Region-ch U16"]
[Site "Cali"]
[Date "2011.04.05"]
[Round "4.1"]
[White "Hernandez, Cristian Andres"]
[Black "Diaz, Cristian Camilo"]
[Result "0-1"]
[WhiteElo "1995"]
[BlackElo "1995"]
[PlyCount "67"]
[EventDate "2011.04.05"]
[EventType "swiss"]
[EventRounds "7"]
[EventCountry "COL"]
[SourceTitle "EXT 2024"]
[Source "ChessBase"]
[SourceDate "2023.10.10"]
[SourceVersion "1"]
[SourceVersionDate "2023.10.10"]
[SourceQuality "1"]

1. e4 c5 2. Nf3 d6 3. d4 cxd4 4. Nxd4 Nf6 5. Nc3 a6 6. Bg5 e6 7. f4 Nbd7 8. Qe2 Qc7 9. 0-0-0 Be7 10. g4 b5 11. a3 Bb7 12. Bg2 Rc8 13. Kb1 Qc4 14. Rd3 b4 15. b3 Qc5 16. Na4 Qa5 17. Qd2 Nxe4 18. Qxb4 Qxb4 19. axb4 Bxg5 20. fxg5 Ne5 21. Rdd1 Nxg4 22. Bxe4 Bxe4 23. Rhe1 Bg6 24. Re2 0-0 25. b5 Ne5 26. Rf2 axb5 27. Nxb5 Rb8 28. Nd4 Rfc8 29. Ka2 Ng4 30. Re2 e5 31. h3 exd4 32. hxg4 Bxc2 33. Rxd4 Bxb3+ 34. Ka3 0-1

[Event "Cali Region-ch U16"]
[Site "Cali"]
[Date "2011.02.12"]
[Round "4.3"]
[White "Diaz, Cristian Camilo"]
[Black "Gonzalez, Andres Felipe"]
[Result "1-0"]
[WhiteElo "1995"]
[BlackElo "1763"]
[PlyCount "43"]
[EventDate "2011.02.11"]
[EventType "swiss"]
[EventRounds "7"]
[EventCountry "COL"]
[SourceTitle "EXT 2024"]
[Source "ChessBase"]
[SourceDate "2023.10.10"]
[SourceVersion "1"]
[SourceVersionDate "2023.10.10"]
[SourceQuality "1"]

1. e4 c5 2. Nf3 g6 3. d4 cxd4 4. Nxd4 Nc6 5. Nxc6 bxc6 6. Nc3 Bg7 7. Be3 d6 8. f3 Nf6 9. Qd2 0-0 10. 0-0-0 Qa5 11. Bc4 Ba6 12. Bb3 Rfb8 13. g4 Bc8 14. h4 Be6 15. h5 Bxb3 16. cxb3 Qb4 17. Bh6 Bh8 18. hxg6 hxg6 19. Bf8 Kxf8 20. Rxh8+ Ng8 21. Qh6+ Ke8 22. Rxg8+ 1-0

[Event "COL-ch School U13"]
[Site "Yumbo"]
[Date "2010.04.29"]
[Round "6.6"]
[White "Munoz, Camilo1111"]
[Black "Diaz, Cristian Camilo"]
[Result "0-1"]
[WhiteElo "1592"]
[BlackElo "2030"]
[PlyCount "66"]
[EventDate "2010.04.27"]
[EventType "swiss"]
[EventRounds "7"]
[EventCountry "COL"]
[SourceTitle "EXT 2024"]
[Source "ChessBase"]
[SourceDate "2023.10.10"]
[SourceVersion "1"]
[SourceVersionDate "2023.10.10"]
[SourceQuality "1"]

1. e4 c5 2. Nf3 d6 3. d4 cxd4 4. Nxd4 Nf6 5. Nc3 a6 6. f4 e5 7. Nb3 Be7 8. Be2 b5 9. a3 Bb7 10. Bf3 Nbd7 11. 0-0 0-0 12. Kh1 Rc8 13. Be3 Nb6 14. fxe5 dxe5 15. Qxd8 Bxd8 16. Nc5 Nc4 17. Nxb7 Nxe3 18. Rf2 Bb6 19. Re2 Nc4 20. b3 Ne3 21. Nd5 Nfxd5 22. exd5 Nxc2 23. Rd1 Ne3 24. Rb1 f5 25. g3 e4 26. Bg2 Rc7 27. Nd6 Rd7 28. Nxf5 Nxg2 29. Kxg2 Rxf5 30. Rxe4 Rf2+ 31. Kh3 Rxd5 32. Re6 Bd8 33. Rxa6 Rh5+ 0-1

[Event "COL-ch School U13"]
[Site "Yumbo"]
[Date "2010.04.28"]
[Round "3.2"]
[White "Diaz, Cristian Camilo"]
[Black "Perez, Fernando David"]
[Result "1-0"]
[WhiteElo "2030"]
[BlackElo "1445"]
[PlyCount "71"]
[EventDate "2010.04.27"]
[EventType "swiss"]
[EventRounds "7"]
[EventCountry "COL"]
[SourceTitle "EXT 2024"]
[Source "ChessBase"]
[SourceDate "2023.10.10"]
[SourceVersion "1"]
[SourceVersionDate "2023.10.10"]
[SourceQuality "1"]

1. e4 e6 2. d4 d5 3. Nd2 Nf6 4. e5 Nfd7 5. Bd3 c5 6. c3 Nc6 7. Ne2 cxd4 8. cxd4 f6 9. exf6 Nxf6 10. Nf3 Bd6 11. 0-0 Qc7 12. Nc3 a6 13. Bg5 0-0 14. Re1 Bd7 15. Rc1 Rae8 16. Bh4 Bc8 17. Bg3 Bxg3 18. hxg3 g6 19. Ne5 Nd7 20. Nxc6 Qxc6 21. Nb5 Qb6 22. Nc7 Re7 23. Nxd5 exd5 24. Rxe7 Qxd4 25. Qe2 Nc5 26. Rc3 Bg4 27. Qc2 Nxd3 28. Rxd3 Qf6 29. Qc5 d4 30. Qd5+ Rf7 31. Rxf7 Qxf7 32. Qxd4 Be6 33. Qd8+ Kg7 34. Rf3 Qg8 35. Qf6+ Kh6 36. Rf4 1-0

[Event "COL-ch School U13"]
[Site "Yumbo"]
[Date "2010.04.28"]
[Round "4.1"]
[White "Diaz, Cristian Camilo"]
[Black "Ruiz Castillo, Joshua Daniel"]
[Result "0-1"]
[WhiteElo "2030"]
[BlackElo "2063"]
[PlyCount "76"]
[EventDate "2010.04.27"]
[EventType "swiss"]
[EventRounds "7"]
[EventCountry "COL"]
[SourceTitle "EXT 2024"]
[Source "ChessBase"]
[SourceDate "2023.10.10"]
[SourceVersion "1"]
[SourceVersionDate "2023.10.10"]
[SourceQuality "1"]

1. e4 c5 2. Nf3 d6 3. d4 cxd4 4. Nxd4 Nf6 5. Nc3 a6 6. Bg5 e6 7. f4 Be7 8. Qf3 Qc7 9. 0-0-0 Nbd7 10. g4 b5 11. Bxf6 gxf6 12. f5 Nc5 13. fxe6 fxe6 14. Re1 b4 15. Nd1 Bb7 16. Nf2 0-0-0 17. Bc4 Qd7 18. c3 bxc3 19. Qxc3 Kb8 20. b4 Nxe4 21. Nxe4 d5 22. Nc5 Bxc5 23. bxc5 dxc4 24. Nxe6 Rde8 25. c6 Bxc6 26. Nc5 Qa7 27. Qb4+ Ka8 28. Rxe8+ Rxe8 29. Rf1 Qe7 30. Nxa6 Qe3+ 31. Kc2 Qe2+ 32. Kc3 Qd3+ 33. Kb2 Qd4+ 34. Kc1 Qa1+ 35. Kd2 Rd8+ 36. Ke2 Qe5+ 37. Kf2 Qf4+ 38. Ke2 Re8+ 0-1

[Event "COL-ch School U13"]
[Site "Yumbo"]
[Date "2010.04.27"]
[Round "1.3"]
[White "Diaz, Cristian Camilo"]
[Black "Ospina Escobar, Juan Pablo"]
[Result "1-0"]
[WhiteElo "2030"]
[BlackElo "1491"]
[PlyCount "39"]
[EventDate "2010.04.27"]
[EventType "swiss"]
[EventRounds "7"]
[EventCountry "COL"]
[SourceTitle "EXT 2024"]
[Source "ChessBase"]
[SourceDate "2023.10.10"]
[SourceVersion "1"]
[SourceVersionDate "2023.10.10"]
[SourceQuality "1"]

1. e4 c5 2. Nf3 Nc6 3. d4 cxd4 4. Nxd4 g6 5. Nxc6 bxc6 6. Nc3 Bg7 7. Be3 Nf6 8. Bc4 d6 9. 0-0 0-0 10. h3 Bb7 11. Bb3 c5 12. e5 Ne4 13. Nxe4 Bxe4 14. Re1 d5 15. Bxc5 Qa5 16. Bxe7 Rfe8 17. Bd6 Bxe5 18. Bxe5 Rxe5 19. f3 Bxf3 20. gxf3 1-0

[Event "COL-ch School U15"]
[Site "Neiva"]
[Date "2010.03.20"]
[Round "7.1"]
[White "Diaz, Cristian Camilo"]
[Black "Juez, Jhon Alexander"]
[Result "0-1"]
[WhiteElo "2030"]
[BlackElo "2042"]
[PlyCount "54"]
[EventDate "2010.03.17"]
[EventType "swiss"]
[EventRounds "8"]
[EventCountry "COL"]
[SourceTitle "EXT 2024"]
[Source "ChessBase"]
[SourceDate "2023.10.10"]
[SourceVersion "1"]
[SourceVersionDate "2023.10.10"]
[SourceQuality "1"]

1. e4 e5 2. Nf3 Nc6 3. Bb5 a6 4. Ba4 d6 5. c3 Bd7 6. 0-0 Nge7 7. d4 Ng6 8. Re1 Be7 9. Nbd2 0-0 10. Nf1 b5 11. Bc2 f5 12. Ng3 f4 13. Nf5 Bf6 14. h3 Nh8 15. d5 Ne7 16. Nh2 Nxf5 17. exf5 Qc8 18. Qh5 Be7 19. f6 g6 20. Qf3 Bxf6 21. a4 Nf7 22. Ng4 Bh4 23. axb5 Ng5 24. Qd1 axb5 25. Rxa8 Qxa8 26. Bd3 Qxd5 27. Qc2 Bc6 0-1

[Event "COL-ch School U15"]
[Site "Neiva"]
[Date "2010.03.17"]
[Round "2.1"]
[White "Martinez Romero, Martin"]
[Black "Diaz, Cristian Camilo"]
[Result "1-0"]
[WhiteElo "2155"]
[BlackElo "2030"]
[PlyCount "43"]
[EventDate "2010.03.17"]
[EventType "swiss"]
[EventRounds "8"]
[EventCountry "COL"]
[SourceTitle "EXT 2024"]
[Source "ChessBase"]
[SourceDate "2023.10.10"]
[SourceVersion "1"]
[SourceVersionDate "2023.10.10"]
[SourceQuality "1"]

1. Nf3 Nf6 2. c4 e6 3. Nc3 b6 4. e4 Bb4 5. e5 Bxc3 6. bxc3 Ne4 7. d3 Nc5 8. Bg5 f6 9. exf6 gxf6 10. Ne5 fxg5 11. Qh5+ Ke7 12. Qxg5+ Ke8 13. Qh5+ Ke7 14. Qf7+ Kd6 15. d4 Nb7 16. c5+ bxc5 17. Nc4+ Kc6 18. Qf3+ d5 19. Ne5+ Kb6 20. Rb1+ Ka5 21. c4 Bd7 22. Qa3+ 1-0